<?xml version="1.0" encoding="UTF-8"?><?xml-stylesheet type="text/xsl" href="static/style.xsl"?><OAI-PMH xmlns="http://www.openarchives.org/OAI/2.0/" xmlns:xsi="http://www.w3.org/2001/XMLSchema-instance" xsi:schemaLocation="http://www.openarchives.org/OAI/2.0/ http://www.openarchives.org/OAI/2.0/OAI-PMH.xsd"><responseDate>2026-04-17T18:52:52Z</responseDate><request verb="GetRecord" identifier="oai:riubu.ubu.es:10259/7747" metadataPrefix="marc">https://riubu.ubu.es/oai/request</request><GetRecord><record><header><identifier>oai:riubu.ubu.es:10259/7747</identifier><datestamp>2023-07-11T00:05:28Z</datestamp><setSpec>com_10259_5088</setSpec><setSpec>com_10259_2728</setSpec><setSpec>col_10259_2757</setSpec></header><metadata><record xmlns="http://www.loc.gov/MARC21/slim" xmlns:doc="http://www.lyncode.com/xoai" xmlns:xsi="http://www.w3.org/2001/XMLSchema-instance" xmlns:dcterms="http://purl.org/dc/terms/" xsi:schemaLocation="http://www.loc.gov/MARC21/slim http://www.loc.gov/standards/marcxml/schema/MARC21slim.xsd">
<leader>00925njm 22002777a 4500</leader>
<datafield tag="042" ind1=" " ind2=" ">
<subfield code="a">dc</subfield>
</datafield>
<datafield tag="720" ind1=" " ind2=" ">
<subfield code="a">Gómez Rojo, Mercedes</subfield>
<subfield code="e">author</subfield>
</datafield>
<datafield tag="520" ind1=" " ind2=" ">
<subfield code="a">El presente trabajo se ha centrado en el desarrollo de un programa de atención plena dirigido a alumnos con discapacidad intelectual y/o dificultades específicas de aprendizaje. Con el fin de diseñarlo se ha realizado una revisión sistemática de investigaciones basadas en mindfulness, tema de actualidad en el ámbito educativo. Se ha utilizado la metodología PRISMA 2020 para responder a los objetivos de la investigación. En la revisión se han analizado los posibles beneficios que mindfulness puede aportar a la discapacidad intelectual y las dificultades específicas de aprendizaje, así como los principales contenidos de los programas y su impacto en el bienestar de los alumnos. Las principales conclusiones extraídas muestran una mayoría de actividades enfocadas en la respiración consciente y el escáner corporal como estrategias para reducir la ansiedad, el estrés y los síntomas de depresión.</subfield>
</datafield>
<datafield tag="520" ind1=" " ind2=" ">
<subfield code="a">This paper has focused on the development of a mindfulness programme aimed at students with intellectual disabilities and/or specific learning difficulties. In order to design it, a systematic review of research based on mindfulness, which is topical in the field of education, has been carried out. The PRISMA 2020 methodology has been used to respond to the research objectives. The review analysed the possible benefits that mindfulness can bring to intellectual disabilities and specific learning difficulties, as well as the main contents of the programmes and their impact on the well-being of students. The main conclusions drawn show a majority of activities focused on mindful breathing and body scanning as strategies to reduce anxiety, stress and depressive symptoms.</subfield>
</datafield>
<datafield tag="024" ind2=" " ind1="8">
<subfield code="a">http://hdl.handle.net/10259/7747</subfield>
</datafield>
<datafield ind1=" " ind2=" " tag="653">
<subfield code="a">Programa</subfield>
</datafield>
<datafield ind1=" " ind2=" " tag="653">
<subfield code="a">Revisión sistemática</subfield>
</datafield>
<datafield ind1=" " ind2=" " tag="653">
<subfield code="a">Mindfulness</subfield>
</datafield>
<datafield ind1=" " ind2=" " tag="653">
<subfield code="a">Discapacidad intelectual</subfield>
</datafield>
<datafield ind1=" " ind2=" " tag="653">
<subfield code="a">Dificultades específicas de aprendizaje</subfield>
</datafield>
<datafield ind1=" " ind2=" " tag="653">
<subfield code="a">Programme</subfield>
</datafield>
<datafield ind1=" " ind2=" " tag="653">
<subfield code="a">Systematic review</subfield>
</datafield>
<datafield ind1=" " ind2=" " tag="653">
<subfield code="a">Intellectual disability</subfield>
</datafield>
<datafield ind1=" " ind2=" " tag="653">
<subfield code="a">Specific learning difficulties</subfield>
</datafield>
<datafield tag="245" ind1="0" ind2="0">
<subfield code="a">Diseño de un programa de atención plena basado en la revisión sistemática de técnicas de mindfulness en la discapacidad intelectual y las dificultades específicas de aprendizaje</subfield>
</datafield>
</record></metadata></record></GetRecord></OAI-PMH>